| 000 | 00702cam a22002293a 4500 | ||
|---|---|---|---|
| 001 | 32118 | ||
| 003 | PGUSA | ||
| 005 | 20140828083709.0 | ||
| 008 | 100424s2010||||xxu|||||s|||||000 | eng d | ||
| 040 |
_aPGUSA _beng |
||
| 042 | _adc | ||
| 050 | 4 | _aHQ | |
| 100 | 1 |
_aWise, Stephen S. _q(Stephen Samuel), _d1874-1949 |
|
| 245 | 1 | 0 |
_aChild Versus Parent : _bSome Chapters on the Irrepressible Conflict in the Home _h[electronic resource] / _cStephen S. Wise |
| 260 |
_bProject Gutenberg, _c2010 |
||
| 506 | _aPublic domain in the USA. | ||
| 516 | _aElectronic text | ||
| 653 | _aParent and child | ||
| 830 | 0 |
_aProject Gutenberg _v32118 |
|
| 856 | 4 | 0 | _uhttp://www.gutenberg.org/ebooks/32118 |
| 942 | _cEB | ||
| 999 |
_c261373 _d261373 |
||